书目信息 |
| 题名: |
马丁·伊登
|
|
| 作者: | 杰克·伦敦 著 ;方华文 译 | |
| 分册: | ||
| 出版信息: | 南京 译林出版社 2016 |
|
| 页数: | 342页 | |
| 开本: | 23cm | |
| 丛书名: | 双语译林 壹力文库 | |
| 单 册: | ||
| 中图分类: | H319.4 , I712.44 | |
| 科图分类: | ||
| 主题词: | 英语--ying yu--对照读物--英、汉 , 长篇小说--chang pian xiao shuo--美国--近代--对照读物--英、汉 | |
| 电子资源: | ||
| ISBN: | 978-7-5447-6535-0 | |
| 000 | 01604nam0 22003371 450 | |
| 001 | 0122100940 | |
| 005 | 20170322100940.0 | |
| 010 | @a978-7-5447-6535-0@dCNY49.00 | |
| 100 | @a20160923d2016 em y0chiy50 ea | |
| 101 | 1 | @achi@ceng |
| 102 | @aCN@b320000 | |
| 105 | @ay z 000ay | |
| 106 | @ar | |
| 200 | 1 | @a马丁·伊登@9ma ding yi deng@f(英)杰克·伦敦著@g方华文译 |
| 210 | @a南京@c译林出版社@d2016 | |
| 215 | @a342页@d23cm@e1英文图书(349页) | |
| 225 | 1 | @a双语译林 壹力文库@9shuang yu yi lin yi li wen ku@v134 |
| 312 | @a封面英文题名:Martin Eden | |
| 314 | @a杰克·伦敦 (Jack London) (1876-1916),美国著名现实主义作家、记者。代表作有《马丁·伊登》《野性的呼唤》《白牙》等。 | |
| 314 | @a方华文,苏州大学外国语学院英语教授 | |
| 330 | @a本书为美国近代长篇小说。讲述了青年水手马丁·伊登偶然结识了上流社会的罗丝小姐,受她的启发,发愤自学,并开始了艰苦的创作生涯。尽管处处碰壁,他仍不愿听从罗丝的安排,进她父亲的事务所,做个“有为青年”。后来他突然时来运转,以前被退回的稿件纷纷得到发表,成为当红作家。以前看不起他的亲友都争先恐后地来请他吃饭,连已和他决裂的罗丝也主动前来投怀送抱。这使他看清了这个世态炎凉的社会,对爱情所抱的美妙幻想也彻底破灭。 | |
| 461 | 0 | @12001 @a双语译林 壹力文库 |
| 510 | 1 | @aMartin Eden@zeng |
| 606 | 0 | @a英语@9ying yu@j对照读物@x英、汉 |
| 606 | 0 | @a长篇小说@9chang pian xiao shuo@y美国@z近代@j对照读物@x英、汉 |
| 690 | @aH319.4@v5 | |
| 690 | @aI712.44@v5 | |
| 701 | 0 | @c(美)@a杰克·伦敦@9jie ke lun dun@c(Jack London@f1876-1916)@4著 |
| 702 | 0 | @a方华文@9fang hua wen@4译 |
| 801 | 0 | @aCN@bTANGWEI@c20170308 |
| 905 | @b0961058-65@dH319.4@e1824@f8 | |
| 马丁·伊登/(英)杰克·伦敦著/方华文译.-南京:译林出版社,2016 |
| 342页;23cm+1英文图书(349页).-(双语译林 壹力文库;134) |
| ISBN 978-7-5447-6535-0:CNY49.00 |
| 本书为美国近代长篇小说。讲述了青年水手马丁·伊登偶然结识了上流社会的罗丝小姐,受她的启发,发愤自学,并开始了艰苦的创作生涯。尽管处处碰壁,他仍不愿听从罗丝的安排,进她父亲的事务所,做个“有为青年”。后来他突然时来运转,以前被退回的稿件纷纷得到发表,成为当红作家。以前看不起他的亲友都争先恐后地来请他吃饭,连已和他决裂的罗丝也主动前来投怀送抱。这使他看清了这个世态炎凉的社会,对爱情所抱的美妙幻想也彻底破灭。 |
| ● |
| 相关链接 |
|
|
|
|
正题名:马丁·伊登
索取号:H319.4/1824
 
预约/预借
| 序号 | 登录号 | 条形码 | 馆藏地/架位号 | 状态 | 备注 |
| 1 | 0961058 | 209610580 | 第二样本阅览室/ [索取号:H319.4/1824] | 在馆 | |
| 2 | 0961059 | 209610599 | 密集书库2/ [索取号:H319.4/1824] | 在馆 | |
| 3 | 0961060 | 209610606 | 密集书库2/ [索取号:H319.4/1824] | 在馆 | |
| 4 | 0961061 | 209610615 | 密集书库2/ [索取号:H319.4/1824] | 在馆 |